| 000 | 00928nam a2200241 a 4500 | ||
|---|---|---|---|
| 001 | 47644 | ||
| 003 | BD-RjUL | ||
| 005 | 20211209054346.0 | ||
| 008 | 160809s2003 ii ||||| b||| 00| 0 ben d | ||
| 020 |
_a8187360615 _c: Tk. 60.00 |
||
| 035 | _a(BD-RjUL)47763 | ||
| 040 |
_aBD-RjUL _bben _cBD-RjUL |
||
| 041 | _aben | ||
| 082 |
_a398.2 _bSEL 2003 |
||
| 100 |
_aসেন, সৌমেন _9144785 |
||
| 245 | 1 | 0 |
_aলোকসংস্কৃতি : _bতত্ত্বজিজ্ঞাসা / _cসৌমেন সেন |
| 260 |
_aকলকাতা : _bলোকসংস্কৃতি ও আদিবাসী সংস্কৃতি কেন্দ্র, _c২০০৩ |
||
| 300 |
_a[১২], ১৪৩ পৃ. ; _c১৯ সেমি. |
||
| 504 | _aগ্রন্থপঞ্জি সংযুক্ত | ||
| 650 |
_aলোকসংস্কৃতি _9144786 |
||
| 650 |
_aFolklore _9144787 |
||
| 942 |
_2ddc _cBK |
||
| 999 |
_c47644 _d47644 |
||